00411nam a22001577a 4500003000500000005001700005008004100022020001800063040000600081082001200087100001700099245007300116260003700189300001400226650001300240CEME20210628202447.0210122b xxu||||| |||| 00| 0 eng d a0-7637-2877-2 c. a515 BLU aBlume, Frank aApplied calculus for scientists and engineers a journey in dialogues aLONDONbJONES AND BARTLETTc2005 aVII,869 P aCALCULUS